<?xml version="1.0" encoding="UTF-8"?>
<record
    xmlns:xsi="http://www.w3.org/2001/XMLSchema-instance"
    xsi:schemaLocation="http://www.loc.gov/MARC21/slim http://www.loc.gov/standards/marcxml/schema/MARC21slim.xsd"
    xmlns="http://www.loc.gov/MARC21/slim">

  <leader>00831nam a22001577a 4500</leader>
  <controlfield tag="003">OSt</controlfield>
  <controlfield tag="005">20151114135844.0</controlfield>
  <controlfield tag="008">151114b        xxu||||| |||| 00| 0 eng d</controlfield>
  <datafield tag="040" ind1=" " ind2=" ">
    <subfield code="c">RUA</subfield>
  </datafield>
  <datafield tag="082" ind1=" " ind2=" ">
    <subfield code="a">FOR SEN 2013 B142 Or.1</subfield>
  </datafield>
  <datafield tag="100" ind1=" " ind2=" ">
    <subfield code="9">3677</subfield>
    <subfield code="a">SENG, RA VIN.</subfield>
  </datafield>
  <datafield tag="245" ind1=" " ind2=" ">
    <subfield code="a">Effect of community based ecotourism management on forest resources conservation at chambok commune phnom srouch district kompong speu province, &#x17A5;&#x1791;&#x17D2;&#x1792;&#x17B7;&#x1796;&#x179B;&#x1793;&#x17C3;&#x1780;&#x17B6;&#x179A;&#x1782;&#x17D2;&#x179A;&#x1794;&#x17CB;&#x1782;&#x17D2;&#x179A;&#x1784;&#x179F;&#x17A0;&#x1782;&#x1798;&#x1793;&#x17CD;&#x1791;&#x17C1;&#x179F;&#x1785;&#x179A;&#x178E;&#x17CD;&#x1792;&#x1798;&#x17D2;&#x1798;&#x1787;&#x17B6;&#x178F;&#x17B7;&#x1785;&#x17C6;&#x1796;&#x17C4;&#x17C7;&#x1780;&#x17B6;&#x179A;&#x17A2;&#x1797;&#x17B7;&#x179A;&#x1780;&#x17D2;&#x179F;&#x1792;&#x1793;&#x1792;&#x17B6;&#x1793;&#x1796;&#x17D2;&#x179A;&#x17C3;&#x1788;&#x17BE; &#x1793;&#x17C5;&#x1783;&#x17BB;&#x17C6;&#x1785;&#x17C6;&#x1794;&#x1780;&#x17CB; &#x179F;&#x17D2;&#x179A;&#x17BB;&#x1780;&#x1797;&#x17D2;&#x1793;&#x17C6;&#x179F;&#x17D2;&#x179A;&#x17BD;&#x1785; &#x1781;&#x17C1;&#x178F;&#x17D2;&#x178F;&#x1780;&#x17C6;&#x1796;&#x1784;&#x17CB;&#x179F;&#x17D2;&#x1796;&#x17BA;</subfield>
  </datafield>
  <datafield tag="260" ind1=" " ind2=" ">
    <subfield code="a">Phnom Penh</subfield>
    <subfield code="b">RUA</subfield>
    <subfield code="c">2013</subfield>
  </datafield>
  <datafield tag="300" ind1=" " ind2=" ">
    <subfield code="a">xii; 51p.</subfield>
    <subfield code="b">ill.</subfield>
    <subfield code="c">29cm.</subfield>
  </datafield>
  <datafield tag="942" ind1=" " ind2=" ">
    <subfield code="2">ddc</subfield>
    <subfield code="c">FOR</subfield>
  </datafield>
  <datafield tag="999" ind1=" " ind2=" ">
    <subfield code="c">3425</subfield>
    <subfield code="d">3425</subfield>
  </datafield>
  <datafield tag="952" ind1=" " ind2=" ">
    <subfield code="0">0</subfield>
    <subfield code="1">0</subfield>
    <subfield code="2">ddc</subfield>
    <subfield code="4">0</subfield>
    <subfield code="6">FOR_SEN_2013_000000000000000_B142_OR_1</subfield>
    <subfield code="7">0</subfield>
    <subfield code="9">16302</subfield>
    <subfield code="a">LBB</subfield>
    <subfield code="b">LBB</subfield>
    <subfield code="c">B142</subfield>
    <subfield code="d">2015-11-14</subfield>
    <subfield code="l">6</subfield>
    <subfield code="o">FOR SEN 2013 B142 Or.1</subfield>
    <subfield code="p">RUA027478</subfield>
    <subfield code="r">2026-01-21</subfield>
    <subfield code="s">2025-12-17</subfield>
    <subfield code="w">2015-11-14</subfield>
    <subfield code="y">FOR</subfield>
  </datafield>
  <datafield tag="952" ind1=" " ind2=" ">
    <subfield code="0">0</subfield>
    <subfield code="1">0</subfield>
    <subfield code="2">ddc</subfield>
    <subfield code="4">0</subfield>
    <subfield code="6">FOR_SEN_2013_000000000000000_B142_OR_2</subfield>
    <subfield code="7">0</subfield>
    <subfield code="9">16303</subfield>
    <subfield code="a">LBB</subfield>
    <subfield code="b">LBB</subfield>
    <subfield code="c">B142</subfield>
    <subfield code="d">2015-11-14</subfield>
    <subfield code="l">1</subfield>
    <subfield code="o">FOR SEN 2013 B142 Or.2</subfield>
    <subfield code="p">RUA027191</subfield>
    <subfield code="r">2022-08-16</subfield>
    <subfield code="s">2022-08-08</subfield>
    <subfield code="w">2015-11-14</subfield>
    <subfield code="y">FOR</subfield>
  </datafield>
  <datafield tag="952" ind1=" " ind2=" ">
    <subfield code="0">0</subfield>
    <subfield code="1">0</subfield>
    <subfield code="2">ddc</subfield>
    <subfield code="4">0</subfield>
    <subfield code="6">FOR_SEN_2013_000000000000000_B142_OR_3</subfield>
    <subfield code="7">0</subfield>
    <subfield code="9">16304</subfield>
    <subfield code="a">LBB</subfield>
    <subfield code="b">LBB</subfield>
    <subfield code="c">B142</subfield>
    <subfield code="d">2015-11-14</subfield>
    <subfield code="o">FOR SEN 2013 B142 Or.3</subfield>
    <subfield code="p">RUA027225</subfield>
    <subfield code="r">2015-11-14</subfield>
    <subfield code="w">2015-11-14</subfield>
    <subfield code="y">FOR</subfield>
  </datafield>
  <datafield tag="952" ind1=" " ind2=" ">
    <subfield code="0">0</subfield>
    <subfield code="1">0</subfield>
    <subfield code="2">ddc</subfield>
    <subfield code="4">0</subfield>
    <subfield code="6">FOR_SEN_2013_000000000000000_B142_OR_4</subfield>
    <subfield code="7">0</subfield>
    <subfield code="9">16305</subfield>
    <subfield code="a">LBB</subfield>
    <subfield code="b">LBB</subfield>
    <subfield code="c">B142</subfield>
    <subfield code="d">2015-11-14</subfield>
    <subfield code="o">FOR SEN 2013 B142 Or.4</subfield>
    <subfield code="p">RUA027325</subfield>
    <subfield code="r">2015-11-14</subfield>
    <subfield code="w">2015-11-14</subfield>
    <subfield code="y">FOR</subfield>
  </datafield>
  <datafield tag="952" ind1=" " ind2=" ">
    <subfield code="0">0</subfield>
    <subfield code="1">0</subfield>
    <subfield code="2">ddc</subfield>
    <subfield code="4">0</subfield>
    <subfield code="6">FOR_SEN_2013_000000000000000_B142_OR_5</subfield>
    <subfield code="7">0</subfield>
    <subfield code="9">16306</subfield>
    <subfield code="a">LBB</subfield>
    <subfield code="b">LBB</subfield>
    <subfield code="c">B142</subfield>
    <subfield code="d">2015-11-14</subfield>
    <subfield code="l">1</subfield>
    <subfield code="o">FOR SEN 2013 B142 Or.5</subfield>
    <subfield code="p">RUA027397</subfield>
    <subfield code="r">2016-07-15</subfield>
    <subfield code="s">2016-07-05</subfield>
    <subfield code="w">2015-11-14</subfield>
    <subfield code="y">FOR</subfield>
  </datafield>
  <datafield tag="952" ind1=" " ind2=" ">
    <subfield code="0">0</subfield>
    <subfield code="1">0</subfield>
    <subfield code="2">ddc</subfield>
    <subfield code="4">0</subfield>
    <subfield code="6">FOR_SEN_2013_000000000000000_B142_OR_6</subfield>
    <subfield code="7">0</subfield>
    <subfield code="9">16307</subfield>
    <subfield code="a">LBB</subfield>
    <subfield code="b">LBB</subfield>
    <subfield code="c">B142</subfield>
    <subfield code="d">2015-11-14</subfield>
    <subfield code="l">8</subfield>
    <subfield code="o">FOR SEN 2013 B142 Or.6</subfield>
    <subfield code="p">RUA027335</subfield>
    <subfield code="r">2026-01-21</subfield>
    <subfield code="s">2025-12-17</subfield>
    <subfield code="w">2015-11-14</subfield>
    <subfield code="y">FOR</subfield>
  </datafield>
  <datafield tag="952" ind1=" " ind2=" ">
    <subfield code="0">0</subfield>
    <subfield code="1">0</subfield>
    <subfield code="2">ddc</subfield>
    <subfield code="4">0</subfield>
    <subfield code="6">FOR_SEN_2013_000000000000000_B142_OR_7</subfield>
    <subfield code="7">0</subfield>
    <subfield code="9">16308</subfield>
    <subfield code="a">LBB</subfield>
    <subfield code="b">LBB</subfield>
    <subfield code="c">B142</subfield>
    <subfield code="d">2015-11-14</subfield>
    <subfield code="o">FOR SEN 2013 B142 Or.7</subfield>
    <subfield code="p">RUA027065</subfield>
    <subfield code="r">2015-11-14</subfield>
    <subfield code="w">2015-11-14</subfield>
    <subfield code="y">FOR</subfield>
  </datafield>
  <datafield tag="952" ind1=" " ind2=" ">
    <subfield code="0">0</subfield>
    <subfield code="1">0</subfield>
    <subfield code="2">ddc</subfield>
    <subfield code="4">0</subfield>
    <subfield code="6">FOR_SEN_2013_000000000000000_B142_OR_8</subfield>
    <subfield code="7">0</subfield>
    <subfield code="9">16309</subfield>
    <subfield code="a">LBB</subfield>
    <subfield code="b">LBB</subfield>
    <subfield code="c">B142</subfield>
    <subfield code="d">2015-11-14</subfield>
    <subfield code="l">3</subfield>
    <subfield code="o">FOR SEN 2013 B142 Or.8</subfield>
    <subfield code="p">RUA027299</subfield>
    <subfield code="r">2026-05-06</subfield>
    <subfield code="s">2026-03-27</subfield>
    <subfield code="w">2015-11-14</subfield>
    <subfield code="y">FOR</subfield>
  </datafield>
</record>
